Best Simpsons Lines Ever - Statistics

General Stats
  • This quiz has been taken 53 times
  • The average score is 7 of 16
Answer Stats
Answer % Correct
Me Fail English? That's {Unpossible}.
87%
Worst. Episode. {Ever.}
87%
Why Do My Actions Have {Consequences}?
72%
{ Everything’s} Coming Up Milhouse!
68%
You Don’t Win Friends With {Salad}.
68%
To {Alcohol}! The Cause Of... And Solution To... All Of Life's Problems.
66%
You Tried Your Best And You Failed Miserably. The Lesson Is: {Never Try}!
62%
My Eyes! The Goggles {Do Nothing}!
47%
I Call The Big One {Bitey}.
40%
I Think {Women} And Seamen Don’t Mix.
36%
If He’s So Smart, How Come He’s {Dead}?
30%
I Was Saying {Boo-Urns}.
28%
Skinner Said The Teachers Will Crack Any Minute {Purple Monkey Dishwasher}.
26%
{Shoplifting} Is A Victimless Crime. Like Punching Someone In The Dark.
19%
I’d Rather Let A Thousand Guilty Men Go Free Than {Chase After Them}.
6%
Lisa Needs Braces {Braces}/Dental Plan!
6%
No matching quizzes found
Score Distribution
Percent of People with Each Score
Percentile by Number Answered
Your Score History
You have not taken this quiz